Psicología del aprendizaje en el aula. /

Guardado en:
Autor Principal: Craig, Robert C.
Formato: Libro
Publicado: Buenos Aires : Paidos, 1967
Materias:
Etiquetas: Agregar Etiqueta
Sin Etiquetas, Sea el primero en etiquetar este registro!
LEADER 00738nam a22002055a 4500
001 CEM.cems001841
005 20060214000000.0
008 130507s1967##################000#0#####d
003 CEMS
082 0 4 |a 154.4 
100 1 |a Craig, Robert C. 
245 1 0 |a Psicología del aprendizaje en el aula. / 
260 |a Buenos Aires :  |b Paidos,  |c 1967 
300 |a 145 p. 
505 0 |a Es el amor un arte?;La teoría del amor;El amor y su desintegracion en la sociadad occidental contemporanea;La practica del amor. 
653 |a Contiguidad-teorias 
653 |a Psicologia del aprendizaje 
653 |a Psicopedagogia 
859 |a CEMS  |b BIB. CEMS - 11 de abril  |h 154.4  |i C844  |p 2446.74  |t Ej.1 
859 |a CEMS  |b BIB. CEMS - 11 de abril  |h 154.4  |i C844  |p 2628.74  |t Ej.2